| 000 | 00367nam a2200157Ia 4500 | ||
|---|---|---|---|
| 100 | _aPfleeger/S.L/ Atlee/J.M | ||
| 650 | _aSoftware Engineering | ||
| 942 | _cBK | ||
| 366 | _f25 | ||
| 245 | _aSoftware Engineering:Theory and practice | ||
| 260 |
_bPearson Education _c2006 |
||
| 082 |
_a5.1 _bPFL |
||
| 300 | _a736 | ||
| 546 |
_aENGLISH _cPAMPHALETS |
||
| 999 |
_c25598 _d25598 |
||